Lengua castellana y comunicación 2§ medio: texto para el profesor

Uloženo v:
Podrobná bibliografie
Hlavní autoři: Acosta Arriagada, Sylvia (Autor), Coloma Tirapegui, Carmen Julia (Autor), Zúñiga Vicencio, Myriam (Autor), Iriarte Ramírez, Luis Ignacio (Autor)
Další autoři: Montecino Soto, Lésmer Antonio (autor)
Médium: Kniha
Jazyk:španělština
Vydáno: Madrid Mare Nostrum 2002
Vydání:1a. ed
Témata:
Tagy: Přidat tag
Žádné tagy, Buďte první, kdo vytvoří štítek k tomuto záznamu!

MARC

LEADER 00000nam a2200000 a 4500
001 UCL7231
003 CL-VaPUC
008 040514e20020000SP |||||||||||||||||spa|d
020 |a 8495509393 
082 0 4 |a 407.12  |b ACO  |2 21 
100 0 |a Acosta Arriagada, Sylvia  |e author  |9 485069 
700 |a Montecino Soto, Lésmer Antonio  |e autor  |9 543161 
700 0 |a Coloma Tirapegui, Carmen Julia  |e author  |9 485071 
700 0 |a Zúñiga Vicencio, Myriam  |e author  |9 485072 
700 0 |a Iriarte Ramírez, Luis Ignacio  |e author  |9 485073 
245 1 0 |a Lengua castellana y comunicación 2§ medio: texto para el profesor 
250 |a 1a. ed 
300 |a 256 p 
942 |c BK 
945 |d 20040514 00:00:00  |a cmena 
260 |a Madrid  |b Mare Nostrum  |c 2002 
650 0 |a Educación lingüística  |9 306506 
650 0 |a Libros de texto  |9 270019 
650 0 |a Métodos de enseñanza  |9 270413 
583 |a last modification  |c 20040514 00:00:00  |k Rodrigo Vera 
999 |c 309081  |d 309079 
952 |0 0  |1 0  |4 0  |6 407_120000000000000_ACO_2002  |7 0  |8 A  |9 376280  |a BIBEDU  |b BIBEDU  |d 2019-11-21  |i 4011791  |o 407.12 ACO 2002  |p 4011791  |r 2019-11-21  |w 2019-11-21  |y BK  |k LIT